[Event "27th TePe Sigeman & Co"]
[Site "Malmo SWE"]
[Date "2022.05.03"]
[Round "1"]
[White "Grandelius, Nils"]
[Black "Van Foreest, Jorden"]
[Result "1/2-1/2"]
[WhiteElo "2635"]
[BlackElo "2715"]
[EventDate "2022.05.03"]
[PlyCount "80"]

1.e4 c6 2.Nf3 d5 3.exd5 cxd5 4.d4 Nc6 5.c4 Nf6 6.Nc3 a6 7.c5 Bg4 8.Be3 g6 
9.Be2 Bg7 10.O-O O-O 11.h3 Bxf3 12.Bxf3 e6 13.Rb1 Qc7 14.b4 Rfd8 15.Re1 e5
16.dxe5 d4 17.exf6 dxc3 18.Bd5 Bxf6 19.Qf3 Bg7 20.a3 Re8 21.Bb3 Rad8 22.
Rbd1 Nd4 23.Bxd4 Rxe1+ 24.Rxe1 Bxd4 25.Rd1 Kg7 26.g3 Qe7 27.Kg2 Qf6 28.
Qxf6+ Bxf6 29.Rxd8 Bxd8 30.Kf3 Bg5 31.Ke4 Bc1 32.Kd3 Bxa3 33.Kxc3 a5 34.
bxa5 Bxc5 35.f3 Bf2 36.Bd5 Bxg3 37.Bxb7 Be1+ 38.Kd3 Bxa5 39.Ke2 f5 40.Kf1 
Kf6 1/2-1/2

[Event "27th TePe Sigeman & Co"]
[Site "Malmo SWE"]
[Date "2022.05.03"]
[Round "1"]
[White "Niemann, Hans Moke"]
[Black "Adams, Michael"]
[Result "1/2-1/2"]
[WhiteElo "2656"]
[BlackElo "2698"]
[EventDate "2022.05.03"]
[PlyCount "97"]

1.d4 Nf6 2.c4 e6 3.Nc3 d5 4.cxd5 exd5 5.Bg5 c6 6.Qc2 h6 7.Bh4 Be7 8.e3 O-O
9.Bd3 Re8 10.Nge2 a5 11.O-O Na6 12.a3 Nc7 13.f3 Ne6 14.Kh1 Bd7 15.h3 Rc8 
16.Rad1 b5 17.Bf5 Ng5 18.Ng3 Bf8 19.Bxd7 Qxd7 20.e4 dxe4 21.fxe4 b4 22.
axb4 axb4 23.e5 Nd5 24.Nxd5 cxd5 25.Qe2 g6 26.Bxg5 hxg5 27.Qd2 Be7 28.Rf2 
b3 29.Rdf1 Rc2 30.Qe3 Rxf2 31.Rxf2 Rb8 32.Nf1 Qe6 33.Nh2 f5 34.Nf3 f4 35.
Qc3 Rb6 36.Rf1 Qc6 37.Rc1 Qxc3 38.Rxc3 Kf7 39.Nd2 Rb4 40.Nxb3 Bd8 41.g3 
Bb6 42.Rd3 Ke6 43.Kg2 Kf5 44.Kf2 fxg3+ 45.Kf3 Ba7 46.Kg2 Ke4 47.Rxg3 Bxd4 
48.e6 Be3 49.e7 1/2-1/2

[Event "27th TePe Sigeman & Co"]
[Site "Malmo SWE"]
[Date "2022.05.03"]
[Round "1"]
[White "Salem, A. R. Saleh"]
[Black "Navara, David"]
[Result "1-0"]
[WhiteElo "2690"]
[BlackElo "2682"]
[EventDate "2022.05.03"]
[PlyCount "81"]

1.e4 c5 2.Nf3 d6 3.Bc4 Nf6 4.d3 Nc6 5.O-O Bg4 6.h3 Bh5 7.g4 Bg6 8.Nh2 d5 
9.exd5 Nxd5 10.f4 f6 11.Nc3 Bf7 12.Qf3 Nd4 13.Qg2 Nb4 14.Rf2 Bxc4 15.dxc4 
e6 16.Be3 Be7 17.Ne4 f5 18.Ng3 Bh4 19.Nhf1 fxg4 20.hxg4 O-O 21.Bxd4 cxd4 
22.Qxb7 Nxc2 23.Rxc2 Rxf4 24.Nh5 Rxg4+ 25.Rg2 Rb8 26.Qf3 Rxg2+ 27.Qxg2 g6 
28.Nf4 d3 29.Qe4 Rxb2 30.Nxd3 Rc2 31.Rb1 Bf6 32.Kh1 Rxa2 33.Nf4 Rb2 34.
Nxe6 Qa5 35.Rxb2 Bxb2 36.c5 Qa1 37.Qf3 Bf6 38.c6 Qe5 39.c7 Qxe6 40.Qa8+ 
Kg7 41.c8=Q 1-0

[Event "27th TePe Sigeman & Co"]
[Site "Malmo SWE"]
[Date "2022.05.04"]
[Round "2"]
[White "Adams, Michael"]
[Black "Grandelius, Nils"]
[Result "1/2-1/2"]
[WhiteElo "2698"]
[BlackElo "2635"]
[EventDate "2022.05.03"]
[PlyCount "81"]

1.e4 c5 2.Nf3 d6 3.d4 cxd4 4.Nxd4 Nf6 5.Nc3 a6 6.Be2 e5 7.Nb3 Be7 8.O-O 
O-O 9.Be3 Be6 10.Re1 Nbd7 11.a4 Rc8 12.Bf3 Nb6 13.Nd2 Nc4 14.Nxc4 Rxc4 15.
a5 Qc7 16.Bb6 Qc8 17.Re2 h6 18.Rd2 Rb4 19.Rb1 Nd7 20.Be3 Nf6 21.h3 Bd8 22.
Rxd6 Bxa5 23.Bd2 Rc4 24.Rc1 Bxc3 25.Bxc3 Nxe4 26.Bxe4 Rxe4 27.Qd3 Qc4 28.
Rb6 Qxd3 29.cxd3 Ra4 30.Rxb7 Rd8 31.Bxe5 Rxd3 32.Re1 Bd5 33.Ra7 Bc6 34.Rc7
Re4 35.Rxe4 Bxe4 36.Rc4 Bf5 37.Ra4 Rd5 38.Bc3 Bc8 39.Kh2 h5 40.Rd4 Rxd4 
41.Bxd4 1/2-1/2

[Event "27th TePe Sigeman & Co"]
[Site "Malmo SWE"]
[Date "2022.05.04"]
[Round "2"]
[White "Navara, David"]
[Black "Niemann, Hans Moke"]
[Result "1/2-1/2"]
[WhiteElo "2682"]
[BlackElo "2656"]
[EventDate "2022.05.03"]
[PlyCount "80"]

1.e4 e5 2.Nf3 Nc6 3.Bc4 Nf6 4.d3 Bc5 5.c3 O-O 6.O-O d5 7.exd5 Nxd5 8.a4 a5
9.Re1 Bg4 10.Nbd2 Nb6 11.Bb5 Bd6 12.Ne4 f5 13.Qb3+ Kh8 14.Nxd6 cxd6 15.Ng5
Qc7 16.Ne6 Qf7 17.Ra3 Rfc8 18.Be3 Nd7 19.Bc4 Qe7 20.f3 Bh5 21.Qxb7 f4 22.
Bf2 Rab8 23.Qa6 Ra8 24.Qb5 Rab8 25.Nxf4 Rxb5 26.axb5 Bxf3 27.gxf3 Nd8 28.
Rxa5 Nf7 29.Ra7 Ng5 30.Bd5 Rf8 31.h4 Nxf3+ 32.Bxf3 Qf7 33.Re4 d5 34.Rea4 
e4 35.Rxd7 Qxf4 36.Bd4 Qc1+ 37.Kh2 Qf4+ 38.Kg1 Qc1+ 39.Kh2 Qf4+ 40.Kg1 
Qc1+ 1/2-1/2

[Event "27th TePe Sigeman & Co"]
[Site "Malmo SWE"]
[Date "2022.05.04"]
[Round "2"]
[White "Shirov, Alexei"]
[Black "Van Foreest, Jorden"]
[Result "1/2-1/2"]
[WhiteElo "2695"]
[BlackElo "2715"]
[EventDate "2022.05.03"]
[PlyCount "116"]

1.e4 c6 2.d4 d5 3.e5 c5 4.dxc5 e6 5.a3 Bxc5 6.b4 Be7 7.c4 a5 8.cxd5 Qxd5 
9.Qxd5 exd5 10.Nc3 axb4 11.Nxd5 Ra5 12.Bc4 Rc5 13.Ne3 Nc6 14.Nf3 Nxe5 15.
Nxe5 Rxe5 16.Bb2 Ra5 17.Bxg7 Bf6 18.Bxf6 Nxf6 19.Ke2 bxa3 20.Rhb1 O-O 21.
Rb3 a2 22.Rb2 Ne4 23.Bd3 Nc3+ 24.Kd2 Be6 25.Kxc3 Ra3+ 26.Kc2 Rc8+ 27.Bc4 
Bxc4 28.Nxc4 Rxc4+ 29.Kd2 Rd4+ 30.Ke2 Re4+ 31.Kd2 Rg4 32.g3 Rga4 33.Rxb7 
Kg7 34.Ke2 Kf6 35.Rb2 Kf5 36.f3 h5 37.Kf2 h4 38.Kg2 Kg5 39.Kh3 f5 40.f4+ 
Kh5 41.Rd2 Ra8 42.Rc2 R8a6 43.Rb2 Ra8 44.Rc2 R3a6 45.Rb2 Kg6 46.Rc2 Kf6 
47.Rd2 Ra3 48.Rd6+ Ke7 49.Rd2 Kf6 50.Rd6+ Kf7 51.Rd7+ Kg6 52.Rd6+ Kh5 53.
Rd2 R8a7 54.Rc2 R3a6 55.Rb2 Kg6 56.Rc2 Kf6 57.Rd2 Ra3 58.Rd6+ Ke7 1/2-1/2

[Event "27th TePe Sigeman & Co"]
[Site "Malmo SWE"]
[Date "2022.05.05"]
[Round "3"]
[White "Grandelius, Nils"]
[Black "Navara, David"]
[Result "1/2-1/2"]
[WhiteElo "2635"]
[BlackElo "2682"]
[EventDate "2022.05.03"]
[PlyCount "87"]

1.e4 e5 2.Nf3 Nc6 3.Bb5 Nf6 4.O-O Nxe4 5.Re1 Nd6 6.Nxe5 Be7 7.Bf1 Nxe5 8.
Rxe5 O-O 9.d4 Bf6 10.Re2 b6 11.Re1 Bb7 12.a4 Bg5 13.Nc3 Bxc1 14.Qxc1 Qf6 
15.Qd2 Rae8 16.a5 Ne4 17.Nxe4 Rxe4 18.Rxe4 Bxe4 19.Re1 Bf5 20.Qf4 d6 21.c3
Be6 22.Qxf6 gxf6 23.Ra1 c5 24.d5 Bxd5 25.axb6 axb6 26.Rd1 Be6 27.Rxd6 Rb8 
28.f4 Kf8 29.Bb5 Ke7 30.Rd2 Rd8 31.Rxd8 Kxd8 32.Kf2 Ke7 33.Bd3 h6 34.Kg3 
f5 35.Kf2 Kf6 36.Ke3 Bd5 37.g3 Be6 38.Ba6 Ke7 39.Kd3 Kd6 40.Bb7 Bd5 41.Bc8
Be6 42.Bb7 Bd5 43.Bc8 Be6 44.Bb7 1/2-1/2

[Event "27th TePe Sigeman & Co"]
[Site "Malmo SWE"]
[Date "2022.05.05"]
[Round "3"]
[White "Salem, A. R. Saleh"]
[Black "Shirov, Alexei"]
[Result "1/2-1/2"]
[WhiteElo "2690"]
[BlackElo "2695"]
[EventDate "2022.05.03"]
[PlyCount "121"]

1.d4 d5 2.c4 c6 3.Nf3 Nf6 4.g3 g6 5.Bg2 Bg7 6.cxd5 cxd5 7.Nc3 O-O 8.Ne5 e6
9.O-O Nfd7 10.Nf3 Nc6 11.Bf4 Qb6 12.Na4 Qa6 13.e3 b5 14.Nc3 Bb7 15.a4 bxa4
16.Nxa4 Qb5 17.h4 Rfc8 18.Re1 Na5 19.Bf1 Qb4 20.h5 Bc6 21.Ra2 Nb3 22.Nc3 
a5 23.hxg6 hxg6 24.Ng5 a4 25.Bh3 Nf8 26.Re2 Bd7 27.Nf3 a3 28.Bf1 axb2 29.
Rxa8 Rxa8 30.Rxb2 Qxc3 31.Rxb3 Ba4 32.Rxc3 Bxd1 33.Kg2 Bxf3+ 34.Kxf3 Nd7 
35.Bb5 Nf6 36.Bd3 Ra2 37.g4 Ne4 38.Bxe4 dxe4+ 39.Kg3 Ra8 40.g5 Rd8 41.Kg4 
Rd5 42.Rc8+ Kh7 43.Rc7 Kg8 44.Rc8+ Kh7 45.Re8 Rf5 46.Kg3 Rd5 47.Kh3 Rb5 
48.Kh4 Rb2 49.Bg3 Rb5 50.Rc8 Rf5 51.Kg4 Rd5 52.Rc5 Rf5 53.Bf4 Kg8 54.Rc4 
Kh7 55.Rc7 Kg8 56.Rc2 e5 57.dxe5 Bxe5 58.Rc5 Bxf4 59.Rxf5 Bxe3 60.Rf6 Bd2 
61.Rd6 1/2-1/2

[Event "27th TePe Sigeman & Co"]
[Site "Malmo SWE"]
[Date "2022.05.05"]
[Round "3"]
[White "Van Foreest, Jorden"]
[Black "Adams, Michael"]
[Result "1/2-1/2"]
[WhiteElo "2715"]
[BlackElo "2698"]
[EventDate "2022.05.03"]
[PlyCount "68"]

1.d4 Nf6 2.c4 e6 3.Nc3 d5 4.cxd5 exd5 5.Bg5 c6 6.e3 h6 7.Bh4 Be7 8.Bd3 O-O
9.Nge2 Re8 10.O-O Nbd7 11.a4 Nh5 12.Bxe7 Qxe7 13.a5 a6 14.Ra3 Nf8 15.Na4 
Be6 16.Rb3 Rad8 17.Qd2 Bc8 18.Qb4 Qxb4 19.Rxb4 g6 20.Nc1 Ng7 21.Re1 Re7 
22.Kf1 Ne8 23.Ke2 Nd6 24.Kd2 Bf5 25.Bf1 h5 26.f3 Kg7 27.Nc5 Rde8 28.Na2 
Bc8 29.Nc3 Ne6 30.Nxe6+ Bxe6 31.Rb6 Nc8 32.Rb4 Nd6 33.Rb6 Nc8 34.Rb4 Nd6 
1/2-1/2

[Event "27th TePe Sigeman & Co"]
[Site "Malmo SWE"]
[Date "2022.05.06"]
[Round "4"]
[White "Navara, David"]
[Black "Van Foreest, Jorden"]
[Result "1/2-1/2"]
[WhiteElo "2682"]
[BlackElo "2715"]
[EventDate "2022.05.03"]
[PlyCount "78"]

1.d4 d5 2.c4 dxc4 3.Nf3 Nf6 4.e3 e6 5.Bxc4 c5 6.O-O a6 7.b3 Nc6 8.Bb2 cxd4
9.Nxd4 Bd7 10.Nf3 Be7 11.Nbd2 O-O 12.Qb1 Qa5 13.Ne4 Nxe4 14.Qxe4 Qf5 15.
Bd3 Qxe4 16.Bxe4 f5 17.Bd3 Rfd8 18.Rfd1 Kf7 19.Bc4 Bf6 20.Bxf6 Kxf6 21.Kf1
Be8 22.Be2 g5 23.Ne1 Rac8 24.Nd3 Ne7 25.Rdc1 a5 26.Ke1 Bc6 27.g3 g4 28.Nb2
Bg2 29.Nc4 Rc5 30.Nb6 Rc6 31.Rxc6 Nxc6 32.Rd1 Ke7 33.a3 Rxd1+ 34.Kxd1 Kd6 
35.Kc2 Kc7 36.Na8+ Kd6 37.Nb6 Kc7 38.Na8+ Kd6 39.Nb6 Kc7 1/2-1/2

[Event "27th TePe Sigeman & Co"]
[Site "Malmo SWE"]
[Date "2022.05.06"]
[Round "4"]
[White "Salem, A. R. Saleh"]
[Black "Niemann, Hans Moke"]
[Result "0-1"]
[WhiteElo "2690"]
[BlackElo "2656"]
[EventDate "2022.05.03"]
[PlyCount "86"]

1.d4 Nf6 2.c4 e6 3.Nc3 Bb4 4.e3 O-O 5.Bd3 d5 6.Nf3 dxc4 7.Bxc4 c5 8.O-O 
cxd4 9.exd4 b6 10.Re1 Bb7 11.Bd3 h6 12.Bf4 Nc6 13.a3 Bd6 14.Be5 Be7 15.Qe2
Nxe5 16.dxe5 Nd5 17.Qe4 g6 18.Nb5 Bc5 19.Rad1 h5 20.Rd2 Qe7 21.Nd6 Bxd6 
22.exd6 Qxd6 23.Ne5 Qe7 24.Bc4 Qg5 25.Rd3 Rad8 26.h4 Qf5 27.Qxf5 gxf5 28.
Red1 Kg7 29.Bb5 Kf6 30.Nd7+ Rxd7 31.Bxd7 Nf4 32.Rd6 Bxg2 33.Bc6 Rg8 34.
Bxg2 Rxg2+ 35.Kf1 Rh2 36.Kg1 Rxh4 37.Rd7 Rg4+ 38.Kh1 Nh3 39.R1d2 Ng5 40.
R2d3 f4 41.Rxa7 f3 42.Rb3 e5 43.Rxb6+ Kg7 0-1

[Event "27th TePe Sigeman & Co"]
[Site "Malmo SWE"]
[Date "2022.05.06"]
[Round "4"]
[White "Shirov, Alexei"]
[Black "Adams, Michael"]
[Result "1/2-1/2"]
[WhiteElo "2695"]
[BlackElo "2698"]
[EventDate "2022.05.03"]
[PlyCount "66"]

1.e4 e5 2.Nf3 Nc6 3.Bb5 a6 4.Ba4 Nf6 5.O-O Be7 6.d3 b5 7.Bb3 d6 8.a4 b4 9.
Nbd2 O-O 10.Nc4 Be6 11.c3 bxc3 12.bxc3 Rb8 13.Ba2 h6 14.Re1 Re8 15.Ba3 Bf8
16.d4 exd4 17.cxd4 d5 18.Bxf8 Rxf8 19.exd5 Bxd5 20.Nfe5 Nb4 21.Bb1 Bxc4 
22.Nxc4 Nc6 23.Ne5 Nxd4 24.Ba2 Rb2 25.Bc4 Qd6 26.Qd3 c5 27.Rac1 Nd5 28.Qe4
Rd8 29.Rb1 Rxb1 30.Qxb1 Re8 31.Qe4 Rd8 32.Qb1 Re8 33.Qe4 Rd8 1/2-1/2

[Event "27th TePe Sigeman & Co"]
[Site "Malmo SWE"]
[Date "2022.05.07"]
[Round "5"]
[White "Adams, Michael"]
[Black "Navara, David"]
[Result "1/2-1/2"]
[WhiteElo "2698"]
[BlackElo "2682"]
[EventDate "2022.05.03"]
[PlyCount "137"]

1.e4 c5 2.Nc3 Nc6 3.Nf3 g6 4.Bb5 Bg7 5.O-O Nd4 6.Ba4 Qa5 7.Bb3 Nxb3 8.cxb3
d6 9.d4 cxd4 10.Nxd4 Nf6 11.f3 O-O 12.Be3 Bd7 13.Qd2 Rfc8 14.Rfd1 a6 15.a3
Qd8 16.b4 a5 17.b5 a4 18.Qf2 Qe8 19.b6 Ra6 20.Nc2 Be6 21.Nb4 Ra5 22.Rd2 g5
23.Re1 g4 24.Nbd5 gxf3 25.Qxf3 Ng4 26.Bg5 Kh8 27.Qg3 Bxc3 28.bxc3 f6 29.
Bf4 Qf7 30.h3 Bxd5 31.exd5 Ne5 32.Bxe5 fxe5 33.Rf1 Qg7 34.Qh4 Rg8 35.c4 
Ra6 36.Rf5 Rxb6 37.Rdf2 Qg3 38.Qxg3 Rxg3 39.Rf7 Rg7 40.Rf8+ Rg8 41.R8f7 
Re8 42.R2f3 Rb1+ 43.Kh2 Rc1 44.Rg3 Rg8 45.Rxe7 Rxc4 46.Rxb7 Rd4 47.Ra7 h5 
48.Ra6 Rxd5 49.Rxa4 Rxg3 50.Kxg3 Kg7 51.Kh4 Kg6 52.Rb4 Rd2 53.g4 hxg4 54.
Kxg4 Kf6 55.a4 Rg2+ 56.Kf3 Ra2 57.Kg4 d5 58.Rb6+ Ke7 59.Kf5 e4 60.Ke5 Rd2 
61.Rb3 Rd3 62.Rb1 e3 63.a5 e2 64.Re1 Rxh3 65.Rxe2 Ra3 66.Kxd5+ Kd7 67.Re5 
Rxa5+ 68.Ke4 Rxe5+ 69.Kxe5 1/2-1/2

[Event "27th TePe Sigeman & Co"]
[Site "Malmo SWE"]
[Date "2022.05.07"]
[Round "5"]
[White "Grandelius, Nils"]
[Black "Salem, A. R. Saleh"]
[Result "1-0"]
[WhiteElo "2635"]
[BlackElo "2690"]
[EventDate "2022.05.03"]
[PlyCount "73"]

1.e4 c6 2.d4 d5 3.exd5 cxd5 4.Nf3 Nc6 5.c4 Nf6 6.h3 g6 7.c5 Bg7 8.Bb5 O-O 
9.O-O Ne4 10.Nc3 Bf5 11.Ne2 Rc8 12.Be3 a6 13.Bxc6 bxc6 14.b4 a5 15.a3 Qc7 
16.Rb1 axb4 17.Rxb4 Qa7 18.Qb3 Ra8 19.Rb7 Qa6 20.Nf4 Qxa3 21.Qxa3 Rxa3 22.
Rxe7 Bf6 23.Rb7 Rfa8 24.Rb6 Bd7 25.Rfb1 Kg7 26.Rb8 Rxb8 27.Rxb8 Ra1+ 28.
Kh2 Ra7 29.Nd3 Rc7 30.Nfe5 Bc8 31.f3 Nc3 32.Bd2 Ne2 33.Ba5 Ra7 34.Nxc6 Rb7
35.Rxc8 Rb3 36.Nce5 Rb1 37.Bd8 1-0

[Event "27th TePe Sigeman & Co"]
[Site "Malmo SWE"]
[Date "2022.05.07"]
[Round "5"]
[White "Niemann, Hans Moke"]
[Black "Shirov, Alexei"]
[Result "1-0"]
[WhiteElo "2656"]
[BlackElo "2695"]
[EventDate "2022.05.03"]
[PlyCount "117"]

1.d4 d5 2.c4 c6 3.Nf3 Nf6 4.e3 Bf5 5.Nc3 e6 6.Nh4 Be4 7.f3 Bg6 8.Qb3 Qc7 
9.Bd2 Be7 10.g3 a6 11.c5 Nbd7 12.Nxg6 hxg6 13.Na4 g5 14.O-O-O g4 15.Be2 
gxf3 16.Bxf3 O-O-O 17.Rdf1 g5 18.Be1 g4 19.Be2 Rh3 20.Bd3 Rdh8 21.Qc2 Qd8 
22.Qg2 Qg8 23.Nc3 Nh7 24.e4 Ng5 25.exd5 Nf3 26.Rxf3 gxf3 27.Qc2 exd5 28.
Bf5 Qg5+ 29.Kb1 Qh6 30.Bd2 Rxh2 31.Bxh6 Rxh1+ 32.Bc1 R8h2 33.Bxd7+ Kb8 34.
Nd1 Rxc2 35.Kxc2 Kc7 36.Bg4 Rf1 37.Bf4+ Kd8 38.Be3 Bf6 39.a4 a5 40.Kd2 Kc7
41.Bh5 b6 42.cxb6+ Kxb6 43.Bf2 Bg5+ 44.Kc2 f6 45.b3 Bh6 46.Bxf3 Be3 47.
Bxe3 Rxf3 48.Bf4 c5 49.Ne3 cxd4 50.Nxd5+ Kc5 51.Nxf6 Rf2+ 52.Kd3 Rf3+ 53.
Ke4 Rxb3 54.Nd7+ Kc4 55.Ne5+ Kc3 56.Nf3 Ra3 57.Bd2+ Kc2 58.Bxa5 d3 59.Ne1+
1-0

[Event "27th TePe Sigeman & Co"]
[Site "Malmo SWE"]
[Date "2022.05.08"]
[Round "6"]
[White "Niemann, Hans Moke"]
[Black "Grandelius, Nils"]
[Result "1/2-1/2"]
[WhiteElo "2656"]
[BlackElo "2635"]
[EventDate "2022.05.03"]
[PlyCount "76"]

1.d4 Nf6 2.c4 g6 3.g3 c6 4.Nf3 d5 5.cxd5 cxd5 6.Bg2 Bg7 7.O-O O-O 8.Nc3 
Ne4 9.Ne5 Nxc3 10.bxc3 Nc6 11.Nxc6 bxc6 12.Qa4 Qb6 13.Ba3 Qa6 14.Qxa6 Bxa6
15.Rfb1 Rfb8 16.Bxe7 Bxe2 17.Bd6 Rxb1+ 18.Rxb1 Bb5 19.Bf1 a6 20.a4 Bxa4 
21.Bxa6 Bf8 22.Bxf8 Kxf8 23.Bd3 Rc8 24.Rb7 c5 25.Ra7 Bb3 26.Ra3 Bd1 27.
dxc5 Rxc5 28.Kf1 Bf3 29.Ke1 Rc6 30.c4 dxc4 31.Bxc4 Rxc4 32.Rxf3 h5 33.h4 
Kg7 34.Kf1 Ra4 35.Rb3 Ra5 36.Rf3 Ra4 37.Rb3 Ra5 38.Rf3 Ra4 1/2-1/2

[Event "27th TePe Sigeman & Co"]
[Site "Malmo SWE"]
[Date "2022.05.08"]
[Round "6"]
[White "Salem, A. R. Saleh"]
[Black "Van Foreest, Jorden"]
[Result "1-0"]
[WhiteElo "2690"]
[BlackElo "2715"]
[EventDate "2022.05.03"]
[PlyCount "111"]

1.e4 e5 2.Nf3 Nc6 3.Bb5 a6 4.Ba4 Nf6 5.O-O Be7 6.d3 b5 7.Bb3 d6 8.a4 Rb8 
9.axb5 axb5 10.Nc3 O-O 11.Qe2 h6 12.Be3 Re8 13.h3 Bf8 14.Rfd1 Be6 15.Bxe6 
Rxe6 16.Nd5 Re8 17.Nxf6+ Qxf6 18.Qd2 Qe6 19.Ra6 Qd7 20.Qc3 Ne7 21.Rda1 c5 
22.b4 cxb4 23.Qxb4 Nc6 24.Qb3 Rec8 25.Rb1 Qe6 26.c3 Qd7 27.Bd2 Qb7 28.Ra2 
Qd7 29.Rab2 Rb7 30.Nh2 Na5 31.Qa2 Nc6 32.Ng4 Nd8 33.Qa5 Rcb8 34.Bxh6 f5 
35.exf5 Qxf5 36.Be3 Qxd3 37.Qa2+ Nf7 38.Qb3 Rc8 39.Qe6 Rxc3 40.Qe8 Qf5 41.
Rxb5 Rxb5 42.Qxb5 Qe6 43.Qa6 Qc8 44.Qa7 Rc7 45.Qa2 Rc4 46.Qa7 Rc7 47.Qa5 
Rb7 48.Rc1 Qb8 49.Rc6 Rb1+ 50.Kh2 Qb5 51.Qa8 Qb7 52.Qa4 Ra1 53.Qc4 Ra5 54.
Rc7 Qd5 55.Nf6+ gxf6 56.Qg4+ 1-0

[Event "27th TePe Sigeman & Co"]
[Site "Malmo SWE"]
[Date "2022.05.08"]
[Round "6"]
[White "Shirov, Alexei"]
[Black "Navara, David"]
[Result "0-1"]
[WhiteElo "2695"]
[BlackElo "2682"]
[EventDate "2022.05.03"]
[PlyCount "90"]

1.e4 e5 2.Nf3 Nc6 3.Bb5 Nf6 4.O-O Nxe4 5.d4 Nd6 6.Bxc6 dxc6 7.dxe5 Nf5 8.
Qxd8+ Kxd8 9.h3 Be7 10.Nc3 Nh4 11.Nxh4 Bxh4 12.f4 Bf5 13.Rd1+ Ke8 14.g4 
Bc8 15.Kg2 h5 16.f5 g6 17.Kf3 gxf5 18.g5 Rg8 19.Be3 Be6 20.Rg1 Rd8 21.Ne2 
Bc4 22.Nd4 Bxg5 23.h4 Bd5+ 24.Ke2 Bc4+ 25.Kf3 f4 26.Bf2 c5 27.hxg5 cxd4 
28.Kxf4 Be2 29.Rae1 Bg4 30.b4 Rg6 31.Re4 Rc6 32.Bxd4 Rxc2 33.a4 b6 34.a5 
Kd7 35.Be3 Ke6 36.Rc1 Rxc1 37.Bxc1 Rd3 38.Re3 Rd4+ 39.Re4 Rd3 40.Re3 Rd4+ 
41.Re4 Kd5 42.Rxd4+ Kxd4 43.Bd2 bxa5 44.bxa5 a6 45.Be3+ Kd5 0-1

[Event "27th TePe Sigeman & Co"]
[Site "Malmo SWE"]
[Date "2022.05.09"]
[Round "7"]
[White "Grandelius, Nils"]
[Black "Shirov, Alexei"]
[Result "1/2-1/2"]
[WhiteElo "2635"]
[BlackElo "2695"]
[EventDate "2022.05.03"]
[PlyCount "70"]

1.e4 e5 2.Nf3 Nc6 3.Bb5 a6 4.Ba4 Nf6 5.O-O Be7 6.d3 b5 7.Bb3 d6 8.a4 Bd7 
9.Bd2 b4 10.a5 O-O 11.h3 Rb8 12.c3 bxc3 13.bxc3 Be6 14.Bxe6 fxe6 15.Be3 d5
16.Nbd2 Qd7 17.Qc2 Bd6 18.Rfb1 h6 19.d4 exd4 20.Rxb8 Rxb8 21.Nxd4 Bc5 22.
exd5 Nxd5 23.Nxc6 Qxc6 24.Bxc5 Qxc5 25.Ne4 Qc4 26.Rd1 e5 27.Qd3 Qxd3 28.
Rxd3 Nf6 29.Nxf6+ gxf6 30.Rd7 Rb5 31.Rxc7 Rxa5 32.g4 Rd5 33.Rc6 Kg7 34.
Rxa6 Rd3 35.Kg2 Rxc3 1/2-1/2

[Event "27th TePe Sigeman & Co"]
[Site "Malmo SWE"]
[Date "2022.05.09"]
[Round "7"]
[White "Van Foreest, Jorden"]
[Black "Niemann, Hans Moke"]
[Result "1/2-1/2"]
[WhiteElo "2715"]
[BlackElo "2656"]
[EventDate "2022.05.03"]
[PlyCount "120"]

1.e4 e5 2.Nf3 Nc6 3.Bc4 Nf6 4.d3 Bc5 5.O-O d6 6.c3 a6 7.a4 Ba7 8.b4 O-O 9.
Nbd2 Ne7 10.Re1 Ng6 11.h3 h6 12.d4 Re8 13.Bd3 c6 14.Bc2 d5 15.Nxe5 Nxe5 
16.dxe5 Rxe5 17.Nf3 Re8 18.e5 Ne4 19.Be3 Nxc3 20.Qd3 Ne4 21.Bxa7 Rxa7 22.
Nd2 Bf5 23.Nxe4 Bxe4 24.Qe3 Qg5 25.Bxe4 Qxe3 26.Rxe3 dxe4 27.Rxe4 Raa8 28.
Rd1 Rad8 29.Rxd8 Rxd8 30.f4 Kf8 31.Kf2 Rd3 32.f5 Ke7 33.Ke2 Ra3 34.Rg4 Kf8
35.a5 c5 36.f6 gxf6 37.exf6 cxb4 38.Rxb4 Rxa5 39.Rxb7 Re5+ 40.Kd3 Kg8 41.
g4 Re6 42.h4 Rxf6 43.Ke4 Kg7 44.Ra7 Rb6 45.Kf5 Rb5+ 46.Kf4 Ra5 47.Rc7 Ra1 
48.Ra7 a5 49.g5 hxg5+ 50.hxg5 a4 51.Ra6 a3 52.Kg3 Kf8 53.Ra7 a2 54.Kg2 Ke8
55.g6 fxg6 56.Kh2 g5 57.Kg2 g4 58.Kh2 g3+ 59.Kg2 Kd8 60.Ra3 Kc7 1/2-1/2